Welcome to the Holygrace Academy Library

Please use search bar below to get started

THE WORLD AND ITS WONDERS (Record no. 3083)

MARC details
000 -LEADER
fixed length control field 00294nam a22001217a 4500
082 ## - DEWEY DECIMAL CLASSIFICATION NUMBER
Classification number 001
Item number BLA/W
100 ## - MAIN ENTRY--AUTHOR NAME
Personal name BECKWITH,YVONNE
245 ## - TITLE STATEMENT
Title THE WORLD AND ITS WONDERS
260 ## - PUBLICATION, DISTRIBUTION, ETC. (IMPRINT)
Place of publication CHICAGO
Name of publisher STANDARD EDUCATIONAL CORPORATION
300 ## - PHYSICAL DESCRIPTION
Number of Pages 186
650 ## - SUBJECT ADDED ENTRY--TOPICAL TERM
Topical Term GENERAL KNOWLEDGE
Geographic subdivision CHICAGO
942 ## - ADDED ENTRY ELEMENTS (KOHA)
Koha item type Books
Holdings
Withdrawn status Lost status Collection code Home library Current library Shelving location Date acquired Source of acquisition Full call number Accession Number Koha item type
    Reference Main Library Main Library SHELF 2-H -WORLD OF FACTS,ALL ABOUT NATION&ENCYCLOPEDIAS 11/03/2002 PURCHASE 001 BLA/W 01615 Books